|
|
|
|
| LEADER |
00000cam a2200000 a 4500 |
| 001 |
vtls008403377 |
| 003 |
SK-MaSNL |
| 005 |
20260426014723.0 |
| 008 |
230403s1948 xo g 000 0 slo |
| 015 |
|
|
|a SNBA19451955-012971
|
| 035 |
|
|
|a SK01SNKBKSFS20020095594
|
| 035 |
|
|
|a urn:nbn:sk:snk-am3hx09
|
| 035 |
|
|
|a 870EA9C1-3750-4842-B2E9-DCCFA0854CD7
|
| 035 |
|
|
|a urn:nbn:sk:snk-am00dbzb
|
| 035 |
|
|
|a SKM000098057
|
| 040 |
|
|
|a SNK
|b slo
|c SNK
|e AACR2
|
| 041 |
0 |
|
|a slo
|a eng
|
| 044 |
|
|
|a xo
|c SK
|
| 080 |
|
|
|a 802.0(075)
|2 1981
|
| 100 |
1 |
|
|a Ulrich, Juraj
|4 aut
|9 740835
|
| 245 |
1 |
0 |
|a Step by Step
|b učebnica jazyka anglického
|c napísal Juraj Ulrich
|
| 260 |
|
|
|a Bratislava
|b Štátne nakladateľstvo
|c 1948
|e Turčiansky Sv. Martin
|f Kníhtlačiarsky účastinársky spolok
|
| 300 |
|
|
|a 200, [3] s.
|c V. 8°
|
| 650 |
0 |
7 |
|a angličtina
|2 SNKPH
|9 1260
|
| 655 |
|
7 |
|a učebnice
|2 SNKPH
|9 22521
|
| 852 |
|
|
|a Slovenská národná knižnica
|
| 954 |
|
|
|a odborná, vedecká literatúra pôvodná (slovenská)
|2 lita
|
| 958 |
|
|
|a OND
|
| 958 |
|
|
|a RK
|
| 958 |
|
|
|a TL
|
| 958 |
|
|
|a EUIPO
|
| 999 |
|
|
|c 1166485
|d 1168415
|
| 952 |
|
|
|a SNK
|b SNK
|y VYP
|7 0
|p 17A0568176
|o snkSD 5889 D1
|i snkKSF 4177/56
|8 5
|0 0
|1 0
|4 0
|d 2008-03-03
|l 0
|r 2026-02-24 20:50:31
|w 2026-02-24
|
| 952 |
|
|
|a SNK
|b SNK
|y PREZ
|7 0
|p 17A0909563
|o snkSD 5889
|i snk3539/48
|0 0
|1 0
|4 0
|d 2018-11-27
|f 1
|l 0
|r 2025-11-13 00:00:00
|w 2026-02-24
|